[Event "Match"]
[Site "www.echecsemail.com"]
[Date "2017.08.16"]
[Round "1"]
[White "Coraza"]
[Black "Cjood"]
[WhiteElo "1850"]
[BlackElo "2110"]
[Result "1-0"]
[Round "1"]
1.e4 e5
2.Ng1f3 Nb8c6
3.Bf1c4 Bf8c5
4.d4 exd4
5.Bc4xf7 Kxf7
6.Nf3g5 Kf8
7.Qd1f3 Ng8f6
8.O-O d6
9.Qf3b3 Nc6e5
10.f4 Qd8e7
11.fxe5 dxe5
12.a4 h6
13.Ng5f3 d3
14.Kh1 dxc2
15.Qb3xc2 b6
16.Nf3h4 Kf7
17.Nb1d2 Bc8a6
18.Nh4f5 Qe7e6
19.Rf1e1 g6
20.Nf5g3 Nf6g4
21.h3 Ng4f2
22.Kh2 Ba6d3
23.Qc2c3 a5
24.Nd2b3 Bc5d6
25.Kg1 Qe6f6
26.Bc1e3 Nf2xe4
27.Re1f1 Bd3xf1
28.Ng3xe4 Bd6b4
29.Qc3xc7 Qf6e7
30.Qc7xe7 Kxe7
31.Ra1xf1 Rh8f8
32.Be3xh6 Rf8c8
33.Bh6g5 Ke8
34.Ne4f6 Kd8
35.Nf6d5 Ke8
36.Nb3c1 Rc8c2
37.h4 Rc2xb2
38.Nd5c7 Kd7
39.Nc7xa8 Rb2b3
40.Nc1xb3 Kc6
41.Rf1f6 { resign }
1-0

[Event "1/64 Finale"]
[Site "www.chess-mail.com"]
[Date "2017.08.16"]
[Round "1"]
[White "Odin"]
[Black "Fieldfast"]
[WhiteElo "1830"]
[BlackElo "2430"]
[Result "0-1"]
[Round "1"]
1.c4 e6
2.Nb1c3 Ng8f6
3.d4 Bf8b4
4.Qd1c2 Nb8c6
5.Bc1g5 Nc6xd4
6.Qc2a4 O-O
7.a3 Bb4xc3
8.bxc3 Nd4c6
9.e4 d6
10.Ng1f3 e5
11.Bf1d3 h6
12.Bg5h4 Bc8d7
13.Qa4c2 b6
14.Nf3d2 Nc6a5
15.h3 Na5b7
16.Nd2f3 Nb7c5
17.Bh4xf6 Qd8xf6
18.Bd3e2 Qf6g6
19.Nf3h4 Qg6xe4
20.Qc2xe4 Nc5xe4
21.Ra1c1 Ne4c5
22.Rc1b1 g5
23.Nh4f3 Bd7f5
24.Rb1b2 Nc5a4
25.Rb2b3 Bf5c2
26.Rb3b5 c6
27.Rb5b4 a5
28.Rb4xa4 Bc2xa4
29.O-O Ba4c2
30.Rf1c1 Bc2f5
31.g4 Bf5e6
32.Kh2 f5
33.Kg2 fxg4
34.hxg4 Rf8f4
35.Nf3h2 Ra8f8
36.Rc1f1 Be6xc4
37.Be2xc4 Rf4xc4
38.Rf1c1 Rc4a4
39.Rc1a1 Rf8f4
40.Kg3 Rf4c4
41.Nh2f1 Rc4xc3
42.Nf1e3 Ra4xa3
43.Ra1d1 d5
44.Kg2 Rc3xe3
45.fxe3 Ra3xe3
46.Kf2 Re3e4
47.Kf3 b5
48.Rd1c1 Re4c4
49.Rc1h1 Kg7
{ resign }
0-1

[Event "1/32 Finale"]
[Site "www.chess-mail.com"]
[Date "2017.08.16"]
[Round "1"]
[White "Asoka"]
[Black "Mitja"]
[WhiteElo "2730"]
[BlackElo "2010"]
[Result "1-0"]
[Round "1"]
1.d4 d5
2.c4 dxc4
3.e3 e6
4.Bf1xc4 c6
5.Ng1f3 h6
6.Nb1c3 Ng8f6
7.O-O Bf8d6
8.e4 Bd6c7
9.e5 Nf6d5
10.Rf1e1 Nb8d7
11.Bc4d3 Nd5xc3
12.bxc3 a6
13.Bc1a3 b5
14.Bd3e4 Bc8b7
15.Nf3d2 Bc7a5
16.Re1e3 Nd7b6
17.Re3g3 g5
18.Be4c2 Nb6d5
19.Nd2e4 f5
20.Qd1h5 Kd7
21.Qh5f7 Nd5e7
22.Ba3xe7 Qd8xe7
23.Ne4c5 Kd8
24.Nc5xb7 Kd7
25.Qf7xe7 { resign }
1-0

[Event "Tourn. n9436"]
[Site "www.chess-mail.com"]
[Date "2017.08.17"]
[Round "1"]
[White "Cal"]
[Black "Pachi"]
[WhiteElo "1700"]
[BlackElo "1590"]
[Result "0-1"]
[Round "1"]
1.d4 f6
2.e4 e5
3.d5 c5
4.c4 g6
5.h3 f5
6.exf5 Qd8a5
7.Bc1d2 Qa5b6
8.b3 a5
9.Nb1c3 d6
10.fxg6 Bc8f5
11.Ng1f3 Bf5xg6
12.Bf1e2 Nb8d7
13.O-O Nd7f6
14.Nf3g5 Ng8h6
15.Ng5e6 Nh6f5
16.Nc3b5 Ke7
17.Bd2g5 h5
18.Ne6c7 Ra8c8
19.a4 Nf5d4
20.Bg5xf6 Kxf6
21.Nc7e6 Bg6c2
22.Qd1d2 Bc2xb3
23.Qd2g5 Kf7
24.f4 Nd4xe2
25.Kh2 Ke8
26.f5 Rh8h6
27.f6 Kf7
28.Rf1f2 Ne2f4
29.Ne6xf4 exf4
30.Rf2xf4 Rc8e8
31.Nb5c3 Re8e5
32.Qg5g3 Qb6b4
33.Ra1b1 Rh6xf6
34.Rf4xf6 Kxf6
35.Rb1f1 Ke7
36.Qg3h4 Ke8
37.Rf1f3 Bb3xc4
38.Nc3e4 Bf8e7
39.Ne4f6 Be7xf6
40.Qh4xf6 Kd7
41.Qf6f7 Kd8
42.Qf7f8 Re5e8
43.Qf8xd6 Kc8
44.Rf3f4 Qb4c3
45.Qd6xc5 Kb8
46.d6 Qc3e5
47.Qc5c7 Ka7
48.Qc7xc4 Qe5xd6
49.h4 Re8c8
50.g3 Rc8xc4
51.Rf4xc4 Qd6d2
52.Kh3 Qd2d1
53.Kh2 Qd1e2
54.Kh3 Qe2xc4
55.Kg2 Qc4xa4
{ resign }
0-1

[Event "Tourn. n9443"]
[Site "www.chess-mail.com"]
[Date "2017.08.17"]
[Round "1"]
[White "Fabos12"]
[Black "Churrasca"]
[WhiteElo "1930"]
[BlackElo "1940"]
[Result "1-0"]
[Round "1"]
1.d4 Ng8f6
2.c4 g6
3.Nb1c3 Bf8g7
4.Bc1f4 O-O
5.e3 d6
6.Bf1d3 Nb8d7
7.h4 e5
8.Bf4g5 h6
9.Bg5xf6 Bg7xf6
10.Ng1f3 exd4
11.exd4 Rf8e8
12.Kd2 c5
13.Nc3d5 Bf6xd4
14.Nf3xd4 cxd4
15.Qd1f3 Ra8b8
16.Ra1e1 b6
17.h5 Nd7e5
18.Qf3f4 Ne5xd3
19.Qf4xh6 Nd3xe1
20.hxg6 fxg6
21.Qh6xg6 Kf8
22.Rh1h8 
1-0

[Event "Tourn. n9477"]
[Site "www.chess-mail.com"]
[Date "2017.08.17"]
[Round "1"]
[White "Fantomas"]
[Black "Biggles"]
[WhiteElo "1970"]
[BlackElo "2090"]
[Result "1-0"]
[Round "1"]
1.Ng1f3 Ng8f6
2.g3 d5
3.Bf1g2 Nb8c6
4.d4 Bc8f5
5.c3 e6
6.O-O Bf8e7
7.Nb1d2 O-O
8.Nf3h4 Bf5g4
9.Nh4f3 Rf8e8
10.Rf1e1 Be7f8
11.e4 dxe4
12.Nd2xe4 Nf6xe4
13.Re1xe4 Bg4f5
14.Re4e1 Qd8d7
15.Bc1f4 Ra8d8
16.Nf3h4 Bf8d6
17.Bf4xd6 cxd6
18.Nh4xf5 exf5
19.Qd1d3 d5
20.Re1e2 Re8xe2
21.Qd3xe2 Rd8e8
22.Qe2d2 Qd7e6
23.Kf1 Qe6d7
24.Ra1e1 Kf8
25.Re1xe8 Kxe8
26.Qd2e2 Kd8
27.Qe2f3 Nc6e7
28.Qf3e2 Qd7e6
29.Qe2b5 Qe6c6
30.Qb5a5 Qc6b6
31.Qa5xb6 axb6
32.Ke2 Kd7
33.Ke3 Kd6
34.h4 h5
35.Bg2f3 g6
36.Bf3e2 Kc6
37.Kf4 f6
38.f3 Ne7c8
39.g4 fxg4
40.fxg4 hxg4
41.Be2xg4 Nc8d6
42.Bg4e2 b5
43.Be2d3 g5
44.hxg5 fxg5
45.Kxg5 Nd6c4
46.Bd3xc4 bxc4
47.Kf6 Kd6
48.Kf5 b6
49.Kf6 b5
50.a3 Kd7
51.Ke5 Kc6
52.Ke6 { resign }
1-0

[Event "Tourn. n9447"]
[Site "www.chess-mail.com"]
[Date "2017.08.17"]
[Round "1"]
[White "Xkafi"]
[Black "Johnmcbride"]
[WhiteElo "2050"]
[BlackElo "2000"]
[Result "0-1"]
[Round "1"]
1.e4 e5
2.Bf1c4 Qd8f6
3.d3 c6
4.Ng1f3 b5
5.Bc4b3 a5
6.a3 a4
7.Bb3a2 h6
8.Bc1e3 g5
9.d4 d6
10.dxe5 dxe5
11.Nb1c3 Bc8e6
12.Ba2xe6 fxe6
13.Qd1d3 Nb8d7
14.Ra1d1 Rh8h7
15.h3 Ra8d8
16.Qd3e2 Qf6g6
17.Nf3h2 { time. }
0-1

[Event "Tourn. n9486"]
[Site "www.chess-mail.com"]
[Date "2017.08.17"]
[Round "1"]
[White "Griffo30"]
[Black "Karousek"]
[WhiteElo "2110"]
[BlackElo "2090"]
[Result "0-1"]
[Round "1"]
1.d4 Ng8f6
2.c4 g6
3.Nb1c3 d5
4.cxd5 Nf6xd5
5.e4 Nd5xc3
6.bxc3 Bf8g7
7.Ng1f3 c5
8.Ra1b1 O-O
9.Bf1e2 Nb8c6
10.d5 Nc6e5
11.Nf3xe5 Bg7xe5
12.Qd1d2 e6
13.c4 Qd8h4
14.Be2f3 exd5
15.O-O Qh4xh2

0-1

[Event "Tourn. n9325"]
[Site "www.chess-mail.com"]
[Date "2017.08.17"]
[Round "1"]
[White "Numanoid"]
[Black "Chessington"]
[WhiteElo "2480"]
[BlackElo "2240"]
[Result "0-1"]
[Round "1"]
1.e4 e6
2.d4 d5
3.e5 c5
4.c3 Nb8c6
5.Ng1f3 Qd8b6
6.Bf1e2 cxd4
7.cxd4 Ng8e7
8.Nb1a3 Ne7f5
9.Na3c2 Bc8d7
10.O-O Ra8c8
11.Ra1b1 Nc6b4
12.Nc2xb4 Bf8xb4
13.g4 Nf5e7
14.Bc1e3 Ne7c6
15.a3 Bb4e7
16.b4 a6
17.Kg2 Nc6a7
18.Qd1b3 Bd7b5
19.Be2xb5 axb5
20.Rf1c1 Qb6d8
21.Qb3d3 Qd8d7
22.Rc1xc8 Na7xc8
23.Rb1c1 Nc8b6
24.h4 Nb6c4
25.h5 f6
26.h6 Be7d8
27.g5 fxg5
28.Be3xg5 Bd8xg5
29.Nf3xg5 gxh6
30.Ng5h3 Rh8g8
31.Kh2 Qd7f7
32.f4 Qf7g6
33.Qd3f3 Qg6f5
34.Rc1g1 Rg8g6
35.Rg1g2 Ke7
36.Qf3f2 Nc4xa3
37.Qf2h4 Ke8
38.Rg2a2 Qf5e4
39.Qh4f2 Na3c4
40.Ra2a8 Kd7
41.f5 exf5
42.Nh3f4 Rg6g4
43.Nf4xd5 Rg4h4
{ resign }
0-1

[Event "Match"]
[Site "www.echecsemail.com"]
[Date "2017.08.17"]
[Round "1"]
[White "Bjonil60"]
[Black "Coraza"]
[WhiteElo "1520"]
[BlackElo "1860"]
[Result "0-1"]
[Round "1"]
1.Nb1c3 Ng8f6
2.e3 e5
3.e4 Bf8c5
4.Ng1f3 Nf6g4
5.Qd1e2 d6
6.h3 Ng4xf2
7.Rh1h2 c6
8.Nc3a4 b5
9.d3 bxa4
10.c3 Bc8a6
11.c4 O-O
12.Qe2d2 Qd8b6
13.b3 Bc5b4
14.Qd2xb4 Qb6xb4
15.Bc1d2 Qb4c5
16.g3 Nf2xd3
17.Bf1xd3 Qc5a3
18.Bd2c1 Qa3b4
19.Ke2 Qb4c3
20.Ra1b1 Qc3a5
21.Nf3d2 Nb8d7
22.g4 Ra8b8
23.h4 Nd7f6
24.g5 Nf6h5
25.Kf3 Qa5c3
26.Bc1b2 Qc3xd3
27.Kg4 Qd3g3
28.Kf5 Ba6c8

0-1

[Event "Match"]
[Site "www.echecsemail.com"]
[Date "2017.08.17"]
[Round "1"]
[White "Fangshuo"]
[Black "Cjood"]
[WhiteElo "2020"]
[BlackElo "1890"]
[Result "1-0"]
[Round "1"]
1.e4 e5
2.Ng1f3 Bf8c5
3.Nf3xe5 Bc5xf2
4.Kxf2 Qd8h4
5.g3 Qh4xe4
6.Ne5f3 Ng8e7
7.d3 Qe4g6
8.Bf1g2 d5
9.Rh1e1 Nb8c6
10.Nf3e5 Nc6xe5
11.Re1xe5 Qg6b6
12.d4 Bc8e6
13.Nb1c3 O-O
14.Kg1 Ne7c6
15.Nc3xd5 Be6xd5
16.Re5xd5 Rf8e8
17.c3 Re8e6
18.b4 Ra8e8
19.Bc1d2 Nc6e7
20.Rd5c5 Ne7c8
21.Bg2h3 Re6e4
22.Bh3xc8 Re8xc8
23.Kf1 Qb6f6
24.Kg1 b6
25.Rc5g5 Rc8e8
26.Rg5g4 Re4e2
27.Rg4f4 Qf6h6
28.Rf4f2 Qh6e6
29.Rf2xe2 Qe6xe2
30.Qd1xe2 Re8xe2
31.Ra1e1 Re2xe1
32.Bd2xe1 f5
33.d5 Kf7
34.Be1d2 Ke7
35.Bd2f4 Kd7
36.Kf2 a6
37.Kf3 h6
38.h4 b5
39.Ke3 h5
40.Kd4 c6
41.Kc5 cxd5
42.Kxd5 { resign }
1-0

[Event "Match"]
[Site "www.echecsemail.com"]
[Date "2017.08.17"]
[Round "1"]
[White "Cjood"]
[Black "Llord"]
[WhiteElo "2000"]
[BlackElo "1930"]
[Result "1-0"]
[Round "1"]
1.g3 e5
2.Bf1g2 d5
3.c3 Ng8f6
4.Ng1f3 e4
5.Nf3d4 Bf8c5
6.O-O O-O
7.d3 c6
8.Bc1g5 h6
9.Bg5f4 a5
10.a4 Nb8a6
11.dxe4 Nf6xe4
12.f3 Ne4f6
13.e3 Rf8e8
14.Rf1e1 Bc5xd4
15.exd4 Re8xe1
16.Qd1xe1 Bc8e6
17.Bf4e5 Na6c7
18.Nb1d2 Nf6d7
19.g4 Nd7xe5
20.Qe1xe5 Nc7e8
21.h3 Ne8f6
22.f4 Nf6d7
23.Qe5e3 f6
24.Qe3xe6 Kh8
25.Nd2f3 Nd7f8
26.Qe6f5 Qd8d6
27.b3 Nf8e6
28.Ra1e1 Ne6xf4
29.Nf3h4 Nf4xh3
30.Bg2xh3 Qd6g3
31.Nh4g2 Qg3xh3
32.Re1e3 { resign }
1-0

[Event "Match"]
[Site "www.echecsemail.com"]
[Date "2017.08.17"]
[Round "1"]
[White "Darknight"]
[Black "Calponas"]
[WhiteElo "1810"]
[BlackElo "2040"]
[Result "0-1"]
[Round "1"]
1.e4 c5
2.Bf1c4 Nb8c6
3.a3 Ng8f6
4.d3 d6
5.h3 e5
6.c3 Bf8e7
7.Bc1g5 O-O
8.Nb1d2 a6
9.g4 b5
10.Bc4a2 Bc8e6
11.Ba2b3 a5
12.Ng1f3 b4
13.a4 Ra8b8
14.c4 Nc6d4
15.Nf3xd4 cxd4
16.f3 Nf6d7
17.Bg5xe7 Qd8xe7
18.h4 Nd7c5
19.Qd1e2 f6
20.O-O-O Kf7
21.Rd1g1 Ke8
22.g5 Kd7
23.g6 h6
24.h5 Be6g8
25.Kc2 Nc5e6
26.Qe2h2 Ne6f4
27.Rg1g4 f5
28.exf5 Rf8xf5
29.Qh2f2 Rb8f8
30.Rh1h4 Nf4xh5
31.Kb1 Nh5f4
32.Bb3c2 Rf8f6
33.Nd2e4 Rf6xg6
34.Rg4xg6 Nf4xg6
35.Rh4g4 Ng6f4
36.Qf2g3 g5
37.Qg3h2 h5
38.Rg4g1 Bg8f7
39.b3 h4
40.Rg1g4 Bf7h5
41.Rg4g1 Bh5xf3
42.Qh2d2 g4
43.Ka2 g3
44.Ne4xg3 hxg3
45.Rg1xg3 Nf4e6
46.Qd2f2 Qe7f7
47.Qf2g1 Bf3h5
48.Kb2 Rf5f1
49.Qg1h2 Rf1f2
50.Qh2h1 Bh5f3
51.Qh1g1 Bf3c6
52.Rg3g6 Rf2f1
53.Qg1g4 Bc6f3
54.Qg4g3 Bf3d1
55.Bc2b1 Rf1f2
56.Ka1 Bd1xb3
57.Qg3g4 Bb3xa4
58.Bb1a2 b3
59.Ba2b1 Ba4c6
 { time }
0-1

[Event "Match"]
[Site "www.echecsemail.com"]
[Date "2017.08.17"]
[Round "1"]
[White "Cal"]
[Black "Sonny1000"]
[WhiteElo "1630"]
[BlackElo "1490"]
[Result "1-0"]
[Round "1"]
1.Nb1c3 d5
2.d4 c6
3.h3 Ng8f6
4.Ng1f3 Nf6e4
5.Nc3xe4 dxe4
6.Nf3e5 c5
7.e3 f6
8.Qd1h5 g6
9.Ne5xg6 hxg6
10.Qh5xg6 Kd7
11.Bf1b5 Ke6
12.dxc5 a6
13.Bb5c4 Kd7
14.Qg6xe4 Qd8c7
15.b4 Qc7e5
16.O-O Qe5xa1
17.Bc4e6 Kd8
18.Be6xc8 Kxc8
19.Bc1d2 Qa1b2
20.a4 Ra8a7
21.Qe4e6 Nb8d7
22.Qe6d5 Qb2xc2
23.Rf1c1 Qc2b2
24.c6 bxc6
25.Qd5xc6 Kd8
26.Qc6c8 { resign }
1-0

[Event "Match"]
[Site "www.echecsemail.com"]
[Date "2017.08.17"]
[Round "1"]
[White "Carazo"]
[Black "Bjonil60"]
[WhiteElo "1760"]
[BlackElo "1520"]
[Result "1-0"]
[Round "1"]
1.Nb1c3 Ng8f6
2.Ng1f3 Nb8c6
3.e4 d6
4.Bf1b5 Bc8d7
5.O-O a6
6.Bb5c4 b5
7.Bc4d5 Nf6xd5
8.exd5 Nc6a7
9.Rf1e1 g6
10.b4 e6
11.d4 Qd8e7
12.dxe6 Bd7xe6
13.d5 Be6d7
14.Re1xe7 Bf8xe7
15.Qd1e2 c6
16.Bc1g5 f6
17.Bg5f4 g5
18.Bf4xd6 Na7c8
19.Bd6xe7 Nc8xe7
20.d6 g4
21.Nf3d4 O-O-O
22.dxe7 Rd8e8
23.a4 bxa4
24.Qe2xa6 Kc7
25.Qa6a7 Kd6
26.Qa7c5 Kc7
27.Nd4b5 Kb7
28.Qc5a7 Kc8
29.Qa7c7 
1-0

[Event "Match"]
[Site "www.echecsemail.com"]
[Date "2017.08.17"]
[Round "1"]
[White "Ericleo1980"]
[Black "Insearchof"]
[WhiteElo "2230"]
[BlackElo "1499"]
[Result "0-1"]
[Round "1"]
1.e4 e6
2.d4 d5
3.Nb1c3 Bf8b4
4.e5 c5
5.a3 Bb4xc3
6.bxc3 Ng8e7
7.Qd1g4 O-O
8.Bf1d3 Nb8c6
9.Bc1h6 Ne7g6
10.Bh6g5 Qd8a5
11.Bg5d2 cxd4
12.cxd4 Qa5a4
13.Ng1f3 Nc6xe5
14.Nf3xe5 Ng6xe5
15.Bd3xh7 Kxh7
16.Qg4h5 Kg8
17.dxe5 Qa4xc2
18.Ra1c1 Qc2e4
19.Bd2e3 d4
20.O-O dxe3
21.Rc1c3 Qe4g6
22.Qh5h4 f5
23.Rc3xe3 Bc8d7
24.Re3g3 Qg6h7
25.Qh4e7 Rf8f7
26.Qe7d6 f4
27.Rg3h3 Qh7f5
28.Rf1e1 Bd7c6
29.f3 Rf7d7
30.Qd6b4 Ra8d8
31.Rh3h4 Rd7d1
32.Kf1 Rd1xe1
33.Qb4xe1 Qf5c2
34.Rh4h8 Kxh8
35.Qe1h4 Kg8
36.Qh4xd8 Kf7
37.h3 Qc2c1
38.Kf2 Qc1e3
{ resign }
0-1

[Event "Fast Game"]
[Site "www.echecsemail.com"]
[Date "2017.08.17"]
[Round "1"]
[White "Hennie4820"]
[Black "Pellix84"]
[WhiteElo "1680"]
[BlackElo "1690"]
[Result "1-0"]
[Round "1"]
1.e4 c6
2.d4 d5
3.Nb1d2 Ng8f6
4.e5 Nf6d7
5.c4 e6
6.f4 Qd8b6
7.Ng1f3 Nb8a6
8.c5 Qb6a5
9.Bf1e2 b6
10.cxb6 Nd7xb6
11.O-O Bc8b7
12.a3 c5
13.Nd2b3 Qa5a4
14.Nb3xc5 Na6xc5
15.dxc5 Bf8xc5
16.Kh1 Qa4c6
17.a4 O-O
18.Be2b5 Qc6c7
19.Qd1d2 a6
20.Bb5e2 Rf8d8
21.b4 Bc5e7
22.Bc1b2 Nb6c4
23.Qd2c3 Ra8c8
24.Ra1c1 Rd8d7
25.Be2xc4 dxc4
26.Nf3d4 Qc7b6
27.Nd4c2 Rd7c7
28.f5 Qb6c6
29.Rf1f2 exf5
30.e6  { time }
1-0

[Event "Tourn. n9453"]
[Site "www.chess-mail.com"]
[Date "2017.08.18"]
[Round "1"]
[White "Julian"]
[Black "Osopanda"]
[WhiteElo "1490"]
[BlackElo "1640"]
[Result "0-1"]
[Round "1"]
1.e4 d6
2.d4 Ng8f6
3.Nb1c3 Nb8d7
4.Ng1f3 e5
5.Bf1b5 c6
6.Bb5a4 b5
7.Ba4b3 Bf8e7
8.dxe5 dxe5
9.O-O O-O
10.Bc1g5 a5
11.a4 b4
12.Nc3e2 Bc8a6
13.Rf1e1 Qd8c7
14.Ne2g3 Rf8d8
15.Qd1c1 Nd7f8
16.c3 bxc3
17.bxc3 Ra8b8
18.Qc1c2 Nf8e6
 { time }
0-1

[Event "Tourn. n9461"]
[Site "www.chess-mail.com"]
[Date "2017.08.18"]
[Round "1"]
[White "Falcoale"]
[Black "Cjood"]
[WhiteElo "2100"]
[BlackElo "1930"]
[Result "1-0"]
[Round "1"]
1.e4 e5
2.Ng1f3 Nb8c6
3.Bf1c4 Ng8f6
4.d3 Bf8c5
5.O-O d5
6.exd5 Nf6xd5
7.Rf1e1 f6
8.Nb1c3 Nd5xc3
9.bxc3 Nc6a5
10.Bc4b3 Na5xb3
11.cxb3 O-O
12.b4 Bc5b6
13.Bc1e3 Bb6xe3
14.Re1xe3 b6
15.Qd1e2 Bc8b7
16.Ra1d1 c5
17.bxc5 bxc5
18.d4 Bb7xf3
19.Qe2xf3 cxd4
20.Re3d3 Ra8b8
21.cxd4 exd4
22.Rd3xd4 Qd8b6
23.h3 Rf8d8
24.Rd4d5 Rd8e8
25.Qf3d3 a5
26.Rd5d6 Qb6b2
27.Qd3d5 Kh8
28.Rd6d7 Qb2e2
29.Qd5xa5 Rb8b2
30.Rd1f1 Rb2xa2
31.Qa5d5 Qe2h5
32.Qd5xh5 { resign }
1-0

[Event "Tourn. n9408"]
[Site "www.chess-mail.com"]
[Date "2017.08.18"]
[Round "1"]
[White "Ditto"]
[Black "Astroboy"]
[WhiteElo "1830"]
[BlackElo "1959"]
[Result "0-1"]
[Round "1"]
1.e4 c6
2.Bf1c4 d5
3.exd5 cxd5
4.Bc4e2 e5
5.d3 Nb8c6
6.Ng1f3 Bf8d6
7.Nb1c3 Bc8e6
8.Bc1g5 f6
9.Bg5d2 Ng8e7
10.Nc3b5 O-O
11.c3 a6
12.Nb5a3 Bd6c7
13.O-O Qd8d6
14.Qd1b3 e4
15.dxe4 dxe4
16.Na3c4 Be6xc4
17.Qb3xc4 Qd6d5
18.Qc4xd5 Ne7xd5
19.Be2c4 Ra8d8
20.Nf3h4 Nc6a5
21.Bc4e2 Nd5e7
22.c4 Rd8xd2
23.Be2g4 f5
24.Bg4d1 g5
25.b3 gxh4
26.h3 Ne7c6
27.Bd1h5 Bc7b6
28.Bh5d1 Bb6d4
29.Ra1b1 Rf8d8
30.a3 Nc6e5
31.Rb1c1 Bd4xf2
32.Kh1 e3
33.b4 Na5c6
34.Bd1b3 Nc6d4
35.Bb3a4 Ne5d3
36.Rc1b1 e2
37.Rf1xf2 Nd3xf2
38.Kh2 b5
39.Ba4b3 Nd4xb3
40.Rb1xb3 e1Q
{ resign }
0-1

[Event "Tourn. n9431"]
[Site "www.chess-mail.com"]
[Date "2017.08.18"]
[Round "1"]
[White "Pachi"]
[Black "Osmundw"]
[WhiteElo "1560"]
[BlackElo "1430"]
[Result "1-0"]
[Round "1"]
1.e4 e6
2.g3 d5
3.Bf1g2 f5
4.exf5 exf5
5.d4 Nb8c6
6.b3 Qd8f6
7.c3 Nc6xd4
8.cxd4 Bf8c5
9.Bc1e3 Bc5b4
10.Nb1d2 b5
11.Bg2xd5 Bc8e6
12.Bd5xe6 Qf6xe6
13.Qd1c1 Ng8f6
14.f3 Qe6xe3
15.Ng1e2 Ra8d8
16.Kd1 Bb4xd2
17.Qc1xd2 Nf6d5
18.f4 c5
19.Ra1c1 c4
20.bxc4 bxc4
21.Rc1xc4 g6
22.Rh1e1 Rh8f8
23.Ne2c3 Nd5xc3
24.Rc4xc3 Rd8xd4
25.Rc3xe3 Rd4e4
26.Re3xe4 fxe4
27.Re1xe4 Kf7
28.Qd2d7 Kg8
29.Qd7xa7 Rf8d8
30.Ke1 Rd8d5
31.Re4e8 { resign }
1-0

[Event "Tourn. n9470"]
[Site "www.chess-mail.com"]
[Date "2017.08.18"]
[Round "1"]
[White "Scasan55"]
[Black "Cirovicz"]
[WhiteElo "2010"]
[BlackElo "2130"]
[Result "1/2-1/2"]
[Round "1"]
1.e4 c5
2.Ng1f3 d5
3.exd5 Qd8xd5
4.Nb1c3 Qd5d8
5.h3 Nb8c6
6.Bf1b5 e6
7.Bb5xc6 bxc6
8.O-O Ng8f6
9.d3 Nf6d5
10.Nc3e4 Bf8d6
11.Ne4xd6 Qd8xd6
12.Rf1e1 Bc8d7
13.Bc1g5 f6
14.Bg5h4 O-O
15.Bh4g3 e5
16.c4 Nd5f4
17.Bg3xf4 exf4
18.Qd1d2 g5
19.Nf3h2 Ra8e8
20.Re1xe8 Rf8xe8
{ draw }
1/2-1/2

[Event "Tourn. n9481"]
[Site "www.chess-mail.com"]
[Date "2017.08.18"]
[Round "1"]
[White "Falcoale"]
[Black "Cjood"]
[WhiteElo "2010"]
[BlackElo "1950"]
[Result "0-1"]
[Round "1"]
1.e4 g5
2.d4 e6
3.Nb1c3 c6
4.Bf1d3 f6
5.f4 h6
6.Ng1f3 gxf4
7.Bc1xf4 d6
8.O-O e5
9.dxe5 fxe5
10.Bf4g3 Bf8e7
11.Qd1e2 Bc8g4
12.Qe2f2 Ng8f6
13.Nf3h4 Rh8g8
14.Nh4f5 Bg4xf5
15.Qf2xf5 Nb8d7
16.Qf5h5 Nf6xh5
{ resign }
0-1

[Event "Match"]
[Site "www.echecsemail.com"]
[Date "2017.08.18"]
[Round "1"]
[White "Whitekknight"]
[Black "Orae"]
[WhiteElo "1940"]
[BlackElo "1720"]
[Result "0-1"]
[Round "1"]
1.e4 e5
2.d4 exd4
3.Qd1xd4 Nb8c6
4.Qd4e3 b6
5.Bf1b5 Nc6e5
6.Nb1c3 Ne5g4
7.Qe3e2 Ng4e5
8.Bc1f4 Ne5g6
9.Bf4d2 Bf8c5
10.Qe2f3 Ng6e5
11.Qf3e2 c6
12.Bb5a4 a5
13.Ba4b3 b5
14.a3 Ng8f6
15.f3 Bc5xg1
16.Rh1xg1 Bc8a6
17.Qe2e3 O-O
18.O-O-O b4
19.Nc3b1 Qd8b8
20.a4 Rf8d8
21.Qe3c5 Qb8c7
22.Bd2f4 d6
23.Qc5d4 c5
24.Qd4f2 Qc7c6
25.Bf4g5 d5
26.Bg5xf6 Qc6xf6
27.Nb1d2 c4
28.Bb3a2 b3
29.cxb3 Ne5d3
{ resign }
0-1

[Event "Fast Game"]
[Site "www.echecsemail.com"]
[Date "2017.08.18"]
[Round "1"]
[White "Esperanza"]
[Black "Cjood"]
[WhiteElo "1669"]
[BlackElo "1660"]
[Result "1-0"]
[Round "1"]
1.d4 d6
2.Ng1f3 f5
3.c4 Bc8d7
4.Nb1c3 h6
5.e4 Ng8f6
6.e5 Nf6h7
7.Nf3h4 g5
8.Qd1h5 { resign }
1-0

[Event "Tourn. n9332"]
[Site "www.chess-mail.com"]
[Date "2017.08.19"]
[Round "1"]
[White "Seger"]
[Black "Szustan"]
[WhiteElo "2680"]
[BlackElo "2590"]
[Result "1-0"]
[Round "1"]
1.d4 d5
2.c4 dxc4
3.e3 e6
4.Bf1xc4 c5
5.Ng1f3 Ng8f6
6.O-O Nb8d7
7.Rf1e1 Bf8e7
8.e4 O-O
9.e5 Nf6d5
10.Bc4xd5 exd5
11.Nb1c3 Nd7b8
12.dxc5 Bc8e6
13.Bc1e3 Nb8c6
14.a3 Qd8d7
15.b4 Ra8d8
16.Nc3e2 Be6g4
17.Ne2d4 Nc6xd4
18.Be3xd4 Qd7e6
19.Qd1d3 Bg4f5
20.Qd3e3 Qe6g6
21.Qe3f4 h6
22.Nf3h4 Be7xh4
23.Qf4xh4 Rd8d7
24.Re1e3 Qg6e6
25.b5 a6
26.a4 Rd7c7
27.h3 Kh7
28.g4 Bf5g6
29.f4 Bg6e4
30.f5 Qe6d7
31.b6 Rc7c8
32.Kh2 Rf8g8
33.Re3e2 Qd7e8
34.Qh4g3 Rc8c6
35.Re2f2 Qe8b8
36.Ra1f1 Qb8e8
37.e6 f6
38.h4 Rg8h8
39.Rf2f4 Kg8
40.Bd4e3 Rc6c8
41.Rf4xe4 dxe4
42.Rf1d1 Rc8d8
43.Rd1xd8 Qe8xd8
44.Qg3d6 Qd8c8
45.Qd6d5 Kh7
46.Qd5xe4 { resign }
1-0

[Event "Tourn. n9463"]
[Site "www.chess-mail.com"]
[Date "2017.08.19"]
[Round "1"]
[White "Vios"]
[Black "Osopanda"]
[WhiteElo "1729"]
[BlackElo "1660"]
[Result "1/2-1/2"]
[Round "1"]
1.d4 d6
2.e4 Ng8f6
3.Nb1c3 Nb8d7
4.f4 e5
5.Ng1f3 exd4
6.Nf3xd4 Bf8e7
7.Bc1e3 O-O
8.Bf1c4 Nd7b6
9.Bc4d3 c5
10.Nd4f3 c4
11.Bd3e2 { draw }
1/2-1/2

[Event "Tourn. n9435"]
[Site "www.chess-mail.com"]
[Date "2017.08.19"]
[Round "1"]
[White "Add"]
[Black "Bigrezi"]
[WhiteElo "2250"]
[BlackElo "2020"]
[Result "0-1"]
[Round "1"]
1.c4 g6
2.Nb1c3 Bf8g7
3.e4 c5
4.Ng1f3 Nb8c6
5.d3 d6
6.h3 Ng8f6
7.a3 O-O
8.Bf1e2 Nf6e8
9.Bc1e3 Nc6d4
10.Ra1b1 Ne8c7
11.O-O f5
12.Be3xd4 cxd4
13.Nc3d5 fxe4
14.dxe4 e5
15.b4 Nc7xd5
16.cxd5 Bg7h6
17.a4 Bc8d7
18.b5 Ra8c8
19.Qd1b3 Qd8f6
20.Nf3h2 Rc8c3
21.Qb3d1 Qf6f4
22.Be2f3 Rf8c8
23.g3 Qf4f7
24.Kg2 Bh6g7
25.Bf3e2 Rc3c2
26.Nh2g4 h5
27.Ng4h2 Bg7h6
28.Nh2f3 Rc2c1
29.Qd1b3 Rc1c2
30.Be2d1 Rc2c3
31.Qb3b4 Qf7f6
32.h4 b6
33.Nf3g5 Rc8c4
34.Qb4b2 Bh6xg5
35.hxg5 Qf6xg5
36.Rf1h1 Bd7g4
37.Bd1xg4 Qg5xg4
38.Rb1c1 Qg4f3
39.Kh2 h4
40.Rc1xc3 dxc3
41.Qb2c2 hxg3
42.fxg3 Rc4xe4
43.Rh1e1 Re4xe1
44.Qc2xg6 Kf8
45.Qg6xd6 Kg7
46.Qd6d7 Qf3f7
47.Qd7g4 Kh6
48.Qg4e6 Qf7xe6
49.dxe6 Kg7
{ resign }
0-1

[Event "Tourn. n9468"]
[Site "www.chess-mail.com"]
[Date "2017.08.19"]
[Round "1"]
[White "Cjood"]
[Black "Redapond1"]
[WhiteElo "1980"]
[BlackElo "1830"]
[Result "1-0"]
[Round "1"]
1.Ng1f3 d5
2.g3 Bc8f5
3.Bf1g2 Nb8c6
4.O-O Nc6b4
5.d3 e6
6.a3 Nb4c6
7.d4 Bf8d6
8.Nb1c3 Ng8f6
9.e3 O-O
10.Bc1d2  { time }
1-0

[Event "Tourn. n9470"]
[Site "www.chess-mail.com"]
[Date "2017.08.19"]
[Round "1"]
[White "Cjood"]
[Black "Scasan55"]
[WhiteElo "2000"]
[BlackElo "2010"]
[Result "1/2-1/2"]
[Round "1"]
1.e4 c5
2.b3 d6
3.Bc1b2 Nb8c6
4.h3 e6
5.Ng1f3 Ng8f6
6.d3 Bf8e7
7.Nb1d2 O-O
8.Ra1b1 a6
9.g3 b5
10.Bf1g2 Ra8b8
11.O-O Bc8b7
12.Qd1e2 Qd8b6
13.g4 Nc6b4
14.c3 Nb4c6
15.d4 cxd4
16.cxd4 Nf6d7
17.Rf1d1 e5
18.dxe5 dxe5
19.Qe2d3 Rf8d8
20.Qd3c3 Be7b4
21.Qc3c2 Bb4c5
22.Rd1f1 Nc6d4
23.Nf3xd4 Bc5xd4
24.Bb2xd4 Qb6xd4
25.Rf1d1 Qd4c5
26.Qc2xc5 Nd7xc5
27.Kh2 { draw }
1/2-1/2

[Event "Tourn. n9461"]
[Site "www.chess-mail.com"]
[Date "2017.08.19"]
[Round "1"]
[White "Fantomas"]
[Black "Ditto"]
[WhiteElo "1850"]
[BlackElo "1860"]
[Result "1-0"]
[Round "1"]
1.e4 e5
2.Ng1f3 Nb8c6
3.Bf1b5 Bf8c5
4.O-O Ng8f6
5.d3 d6
6.Nb1c3 Bc8g4
7.h3 Bg4d7
8.a3 Qd8e7
9.Bc1g5 a6
10.Bb5c4 h6
11.Nc3d5 Qe7d8
12.Nd5xf6 gxf6
13.Bg5h4 Rh8g8
14.Kh2 Rg8g6
15.Qd1d2 Qd8e7
16.Bh4g3 f5
17.exf5 Bd7xf5
18.Nf3h4 Rg6f6
19.Nh4xf5 Rf6xf5
20.Qd2xh6 Rf5f6
21.Qh6h8 Kd7
22.Qh8h5 Nc6d4
23.Bg3h4 Rf6f5
24.Qh5g4 f6
25.Bc4d5 Ra8b8
26.c3 Nd4b5
27.Qg4xf5 Kd8
28.Bh4xf6 { resign }
1-0

[Event "Tourn. n9416"]
[Site "www.chess-mail.com"]
[Date "2017.08.19"]
[Round "1"]
[White "Guidom"]
[Black "Castletyme"]
[WhiteElo "2120"]
[BlackElo "2030"]
[Result "1-0"]
[Round "1"]
1.e4 e6
2.d4 d5
3.Nb1c3 dxe4
4.Nc3xe4 Ng8f6
5.Bc1g5 Bf8e7
6.Ne4xf6 Be7xf6
7.Bg5xf6 Qd8xf6
8.c3 Nb8c6
9.Ng1f3 Bc8d7
10.Bf1d3 O-O-O
11.O-O h6
12.Qd1e2 g5
13.h3 h5
14.Nf3e5 Nc6xe5
15.dxe5 Qf6g7
16.Bd3e4 Kb8
17.Be4f3 Qg7h6
18.g4 hxg4
19.Bf3xg4 Bd7c6
20.f3 Qh6h4
21.Qe2f2 Qh4h6
22.Ra1d1 Rd8d5
23.Rd1xd5 Bc6xd5
24.b3 Qh6g7
25.Qf2d4 Qg7g6
26.c4 Bd5c6
27.b4 Qg6c2
28.b5 Bc6xf3
29.Rf1xf3 Qc2xa2
30.Rf3xf7 Qa2b1
31.Rf7f1 Qb1g6
32.c5 Qg6e8
33.b6 cxb6
34.cxb6 { resign }
1-0

[Event "Tourn. n9476"]
[Site "www.chess-mail.com"]
[Date "2017.08.19"]
[Round "1"]
[White "Dussek"]
[Black "Osopanda"]
[WhiteElo "1850"]
[BlackElo "1660"]
[Result "1-0"]
[Round "1"]
1.e4 d6
2.d4 Ng8f6
3.Nb1c3 Nb8d7
4.Bf1b5 c6
5.Bb5c4 e6
6.Ng1f3 Bf8e7
7.Bc1e3 O-O
8.Qd1d2 e5
{ time. }
1-0